<?xml version="1.0" encoding="UTF-8"?>
<record
    xmlns:xsi="http://www.w3.org/2001/XMLSchema-instance"
    xsi:schemaLocation="http://www.loc.gov/MARC21/slim http://www.loc.gov/standards/marcxml/schema/MARC21slim.xsd"
    xmlns="http://www.loc.gov/MARC21/slim">

  <leader>01026nam a22002537a 4500</leader>
  <controlfield tag="005">20170123164201.0</controlfield>
  <datafield tag="010" ind1=" " ind2=" ">
    <subfield code="a">B-124795</subfield>
  </datafield>
  <datafield tag="020" ind1=" " ind2=" ">
    <subfield code="a">8173808945</subfield>
    <subfield code="c">100.00</subfield>
  </datafield>
  <datafield tag="035" ind1=" " ind2=" ">
    <subfield code="a">B-124795</subfield>
  </datafield>
  <datafield tag="037" ind1=" " ind2=" ">
    <subfield code="b">Cen Lib/Ret</subfield>
  </datafield>
  <datafield tag="040" ind1=" " ind2=" ">
    <subfield code="a">DPL</subfield>
    <subfield code="b">PN</subfield>
  </datafield>
  <datafield tag="082" ind1=" " ind2=" ">
    <subfield code="a">616.9792</subfield>
    <subfield code="b">&#xA38;&#xA3F;&#xA71;&#xA27;&#xA42;&#xA17;&#xA41; </subfield>
  </datafield>
  <datafield tag="100" ind1=" " ind2=" ">
    <subfield code="a">&#xA38;&#xA3F;&#xA71;&#xA27;&#xA42;, &#xA17;&#xA41;&#xA30;&#xA42;&#xA2E;&#xA47;&#xA32; </subfield>
    <subfield code="9">135467</subfield>
  </datafield>
  <datafield tag="245" ind1=" " ind2=" ">
    <subfield code="a">&#xA0F;&#xA21;&#xA1C;&#xA3C; &#xA07;&#xA15; &#xA28;&#xA3E;&#xA2E;&#xA41;&#xA30;&#xA3E;&#xA26; &#xA2C;&#xA3F;&#xA2E;&#xA3E;&#xA30;&#xA40; /</subfield>
    <subfield code="c">&#xA17;&#xA41;&#xA30;&#xA42;&#xA2E;&#xA47;&#xA32; &#xA38;&#xA3F;&#xA71;&#xA27;&#xA42;</subfield>
  </datafield>
  <datafield tag="246" ind1=" " ind2=" ">
    <subfield code="a">AIDS - ik namurad bimari (Punjabi) /</subfield>
    <subfield code="b">by Gurumail Sidhu </subfield>
  </datafield>
  <datafield tag="260" ind1=" " ind2=" ">
    <subfield code="a">&#xA2A;&#xA1F;&#xA3F;&#xA06;&#xA32;&#xA3E;</subfield>
    <subfield code="b">&#xA2A;&#xA2C;&#xA32;&#xA40;&#xA15;&#xA47;&#xA38;&#xA3C;&#xA28; &#xA2C;&#xA3F;&#xA0A;&#xA30;&#xA4B;</subfield>
    <subfield code="c">2003</subfield>
  </datafield>
  <datafield tag="270" ind1=" " ind2=" ">
    <subfield code="a">&#xA2A;&#xA70;&#xA1C;&#xA3E;&#xA2C;&#xA40; &#xA2F;&#xA42;&#xA28;&#xA40;&#xA35;&#xA30;&#xA38;&#xA3F;&#xA1F;&#xA40;</subfield>
    <subfield code="b">&#xA2A;&#xA1F;&#xA3F;&#xA06;&#xA32;&#xA3E;</subfield>
  </datafield>
  <datafield tag="300" ind1=" " ind2=" ">
    <subfield code="a">86p ; </subfield>
    <subfield code="c">20cm(Hb)</subfield>
  </datafield>
  <datafield tag="650" ind1=" " ind2=" ">
    <subfield code="a">&#xA0F;&#xA21;&#xA1C;&#xA3C; (&#xA30;&#xA4B;&#xA17;) - &#xA30;&#xA4B;&#xA15;&#xA25;&#xA3E;&#xA2E;.</subfield>
    <subfield code="9">94755</subfield>
  </datafield>
  <datafield tag="650" ind1=" " ind2=" ">
    <subfield code="a">AIDS (Disease) -- Prevention</subfield>
    <subfield code="9">37972</subfield>
  </datafield>
  <datafield tag="650" ind1=" " ind2=" ">
    <subfield code="a">Health education</subfield>
    <subfield code="9">7783</subfield>
  </datafield>
  <datafield tag="650" ind1=" " ind2=" ">
    <subfield code="a">&#xA38;&#xA3F;&#xA39;&#xA24; &#xA38;&#xA3F;&#xA71;&#xA16;&#xA3F;&#xA06;</subfield>
    <subfield code="9">3679</subfield>
  </datafield>
  <datafield tag="942" ind1=" " ind2=" ">
    <subfield code="2">ddc</subfield>
    <subfield code="c">PN</subfield>
    <subfield code="h">616.9792</subfield>
    <subfield code="m">&#xA38;&#xA3F;&#xA71;&#xA27;&#xA42;&#xA17;&#xA41; </subfield>
  </datafield>
  <datafield tag="999" ind1=" " ind2=" ">
    <subfield code="c">111043</subfield>
    <subfield code="d">111043</subfield>
  </datafield>
  <datafield tag="952" ind1=" " ind2=" ">
    <subfield code="0">0</subfield>
    <subfield code="1">0</subfield>
    <subfield code="4">0</subfield>
    <subfield code="7">0</subfield>
    <subfield code="a">L</subfield>
    <subfield code="b">L</subfield>
    <subfield code="d">2016-02-11</subfield>
    <subfield code="e">Cen Lib/Ret</subfield>
    <subfield code="g">100.00</subfield>
    <subfield code="l">0</subfield>
    <subfield code="o">616.9792 &#xA38;&#xA3F;&#xA27;&#xA42;&#xA17;&#xA41;</subfield>
    <subfield code="p">B-124795</subfield>
    <subfield code="r">2016-02-11 00:00:00</subfield>
    <subfield code="t">1</subfield>
    <subfield code="v">100.00</subfield>
    <subfield code="w">2016-02-11</subfield>
    <subfield code="y">PN</subfield>
  </datafield>
</record>
